The horse's mouth

Saved in:
Bibliografiske detaljer
Hovedforfatter: Cary, Joyce (Author)
Format: Bog
Sprog:engelsk
Udgivet: Nueva York Perennial Library 1965
Fag:
Tags: Tilføj Tag
Ingen Tags, Vær først til at tagge denne postø!

MARC

LEADER 00000nam a2200000 a 4500
001 UCP2881
003 CL-VaPUC
008 990604e19650000US |||||||||||||||||eng|d
082 0 4 |a 823  |b CAR  |2 21 
100 0 |a Cary, Joyce  |e author  |9 429863 
245 1 4 |a The horse's mouth 
300 |a 356 p 
942 |c BK 
945 |d 19990604 00:00:00  |a rbrito 
260 |a Nueva York  |b Perennial Library  |c 1965 
650 0 |a Novelas inglesas  |9 265220 
583 |a last modification  |c 19990604 00:00:00  |k Rodrigo Vera 
999 |c 281347  |d 281345 
952 |0 0  |1 0  |4 0  |6 823_000000000000000_CAR_1965  |7 0  |8 A  |9 322057  |a BIBEDU  |b BIBEDU  |d 2019-11-20  |i 352793K  |o 823 CAR 1965  |p 352793K  |r 2019-11-20  |w 2019-11-20  |y BK  |k LIT